[Event "Titled Tue 17th Jun Early"]
[Site "chess.com INT"]
[Date "2025.06.17"]
[Round "6"]
[White "Panda, Sambit"]
[Black "Zong, Davis"]
[Result "1-0"]
[WhiteTitle "IM"]
[BlackTitle "FM"]
[WhiteElo "2379"]
[BlackElo "2242"]
[WhiteFideId "25091794"]
[BlackFideId "30903955"]
[EventDate "2025.06.17"]

1. d4 d5 2. Nf3 Nf6 3. e3 c6 4. h3 Bf5 5. g4 Bc8 6. c4 e6 7. Nc3 Nbd7 8. Qc2 Bd6
9. g5 Nh5 10. b3 h6 11. h4 e5 12. cxd5 cxd5 13. Nxd5 Qa5+ 14. Nc3 exd4 15. Nxd4
Ne5 16. Bd2 Qb6 17. Be2 g6 18. Bxh5 gxh5 19. Nd5 Qa6 20. Bc3 Nd3+ 21. Kd2 Nxf2
22. Rhf1 Ng4 23. Qe4+ Kd8 24. Rxf7 Re8 25. Qg6 Bf4 26. Nxf4 Qxg6 27. Nxg6 Be6
28. Nxe6+ Rxe6 29. gxh6 Rc8 30. h7 Rd6+ 31. Ke1 1-0

[Event "Titled Tue 17th Jun Early"]
[Site "chess.com INT"]
[Date "2025.06.17"]
[Round "6"]
[White "Parfenov, Viktor N."]
[Black "Kovalchuk, Alexey"]
[Result "1-0"]
[WhiteTitle "CM"]
[BlackTitle "FM"]
[WhiteElo "2193"]
[BlackElo "2304"]
[WhiteFideId "4165969"]
[BlackFideId "24154385"]
[EventDate "2025.06.17"]

1. d4 d5 2. c4 e6 3. Nf3 a6 4. cxd5 exd5 5. Nc3 c6 6. Bf4 Bd6 7. Be5 Bxe5 8.
Nxe5 Nd7 9. Nd3 Ngf6 10. e3 O-O 11. Be2 Re8 12. b4 Nb6 13. Nc5 Qe7 14. O-O Bf5
15. Qb3 h5 16. Rfe1 Nc8 17. a4 Nd6 18. b5 axb5 19. axb5 h4 20. h3 g5 21. bxc6
bxc6 22. Qb6 Rac8 23. Ra7 Qf8 24. Rc7 Rxc7 25. Qxc7 Rc8 26. Qb6 g4 27. hxg4 Bxg4
28. Bxg4 Nxg4 29. Qa7 Nf6 30. Nd7 Qe7 31. Nxf6+ Qxf6 32. Qd7 Kh8 33. Qg4 Nf5 34.
Rc1 Rg8 35. Qh5+ Nh6 36. Kf1 Rg6 37. Ne2 Kg7 38. Nf4 Rg4 39. Qxg4+ Nxg4 40. Nh5+ 1-0

[Event "Titled Tue 17th Jun Early"]
[Site "chess.com INT"]
[Date "2025.06.17"]
[Round "6"]
[White "Safin Safarullakhan"]
[Black "Aaradhya Das"]
[Result "1-0"]
[WhiteTitle "CM"]
[BlackTitle "WCM"]
[WhiteElo "2028"]
[BlackElo "1786"]
[WhiteFideId "33379475"]
[BlackFideId "33361436"]
[EventDate "2025.06.17"]

1. e4 e5 2. Nf3 Nc6 3. Bc4 Nf6 4. d3 Be7 5. c3 O-O 6. O-O d6 7. Nbd2 Kh8 8. Bb3
Ng8 9. Re1 f5 10. exf5 Bxf5 11. Qe2 Bg4 12. h3 Bh5 13. Qe3 Nh6 14. Nh2 Bg5 15.
Qe4 Bf4 16. Ndf3 Rb8 17. Bxf4 Rxf4 18. Qe3 Nf5 19. Qd2 Qf6 20. g4 Nh4 21. Nxh4
Qxh4 22. gxh5 Rbf8 23. Re4 Qxh3 24. Rxf4 exf4 25. f3 Qxh5 26. Re1 Ne5 27. Qg2
Rf6 28. d4 Rg6 29. Ng4 Nxf3+ 30. Qxf3 Rxg4+ 31. Kf1 Rg1+ 32. Kxg1 1-0

[Event "Titled Tue 17th Jun Early"]
[Site "chess.com INT"]
[Date "2025.06.17"]
[Round "6"]
[White "Chan, Mark"]
[Black "Akshit, Kumar J"]
[Result "0-1"]
[WhiteTitle "FM"]
[BlackTitle "CM"]
[WhiteElo "2179"]
[BlackElo "2074"]
[WhiteFideId "5800560"]
[BlackFideId "25097431"]
[EventDate "2025.06.17"]

1. d4 d5 2. Nf3 Nf6 3. Bf4 e6 4. e3 Bd6 5. Bg3 b6 6. Nbd2 Bb7 7. Be2 c5 8. O-O
O-O 9. Ne5 Nc6 10. c3 Rc8 11. f4 Qe7 12. a4 Rfd8 13. Bh4 Qc7 14. Qe1 Be7 15. Qg3
Ne4 16. Nxe4 Bxh4 17. Qxh4 dxe4 18. Bb5 Ne7 19. g4 f6 20. Bc4 Bd5 21. Bxd5 exd5
22. g5 fxe5 23. fxe5 cxd4 24. exd4 Rf8 25. Qg4 Qc6 26. h4 Rxf1+ 27. Rxf1 Rf8 28.
Rxf8+ Kxf8 29. h5 Qc8 30. e6 Qc7 31. g6 hxg6 32. hxg6 Ng8 33. Qf5+ Nf6 34. Kg2
Ke7 35. Qh3 Qf4 36. Qh8 Qg5+ 37. Kf2 Qxg6 38. Qc8 Qf5+ 39. Ke2 Qxe6 40. Qc7+ Qd7
41. Qe5+ Kf7 42. Qb8 Qg4+ 43. Kd2 Qg2+ 44. Kc1 e3 45. Qb7+ Kg6 46. Qxa7 Qd2+ 47.
Kb1 e2 0-1

[Event "Titled Tue 17th Jun Early"]
[Site "chess.com INT"]
[Date "2025.06.17"]
[Round "6"]
[White "Weigand, Anton"]
[Black "Mata Gonzalez, Jose Fernando"]
[Result "1-0"]
[WhiteTitle "CM"]
[BlackTitle "CM"]
[WhiteElo "2197"]
[BlackElo "2164"]
[WhiteFideId "16221915"]
[BlackFideId "5107423"]
[EventDate "2025.06.17"]

1. e4 c5 2. d4 cxd4 3. Qxd4 Nc6 4. Qd3 e5 5. Nc3 Bc5 6. Nd5 Nf6 7. Nf3 Nxd5 8.
exd5 Nd4 9. Nxd4 Bxd4 10. c3 Bb6 11. d6 O-O 12. Be3 Bxe3 13. Qxe3 b6 14. O-O-O
Bb7 15. Qxe5 Re8 16. Qd4 Qg5+ 17. Kb1 Re4 18. Qd2 Qxd2 19. Rxd2 Re1+ 20. Kc2 Ba6
21. Rd1 Rxd1 22. Kxd1 Bb7 23. f3 Re8 24. Bd3 Re6 25. Re1 Kf8 26. Rxe6 fxe6 27.
Bxh7 Kf7 28. Bd3 Kf6 29. Bb5 Ke5 30. Bxd7 Kxd6 31. Bb5 g5 32. Be2 Ke5 33. Kd2
Kf4 34. g3+ Ke5 35. Ke3 Bd5 36. a3 a5 37. h4 gxh4 38. gxh4 Kf5 39. f4 Ba2 40.
Kf3 Bd5+ 41. Kg3 Ke4 42. Bf3+ Kd3 43. Bxd5 exd5 44. h5 Kc2 45. h6 Kxb2 46. h7
Kxc3 47. h8=Q+ d4 48. f5 b5 49. f6 b4 50. axb4 axb4 51. f7 b3 52. f8=Q b2 53.
Qc5+ Kb3 54. Qhxd4 b1=Q 55. Qdb4+ Ka2 56. Qca5# 1-0

[Event "Titled Tue 17th Jun Early"]
[Site "chess.com INT"]
[Date "2025.06.17"]
[Round "6"]
[White "Kezin, Roman"]
[Black "Caruana, Fabiano"]
[Result "0-1"]
[WhiteTitle "IM"]
[BlackTitle "GM"]
[WhiteElo "2471"]
[BlackElo "2777"]
[WhiteFideId "24124621"]
[BlackFideId "2020009"]
[EventDate "2025.06.17"]

1. d4 Nf6 2. c4 Nc6 3. Nf3 e6 4. a3 g6 5. Nc3 d6 6. e4 Bg7 7. Be2 O-O 8. Be3 Re8
9. Qc2 Ng4 10. O-O-O Nxe3 11. fxe3 e5 12. d5 Nb8 13. h4 h5 14. Nh2 Bh6 15. g4
Bxe3+ 16. Kb1 hxg4 17. Nxg4 Bf4 18. h5 g5 19. Nh6+ Kg7 20. Nf5+ Bxf5 21. exf5
Nd7 22. h6+ Kh8 23. Bh5 Qe7 24. f6 Nxf6 25. Qf5 e4 26. Rdg1 Nxh5 27. Rxh5 e3 28.
Ka2 f6 29. Ne4 Rf8 30. Nc3 Rae8 31. Rg2 Qh7 32. Qh3 Re7 33. Ne2 Qe4 34. Kb3 b5
35. cxb5 Qxd5+ 36. Kc2 Qe4+ 37. Kb3 Qd5+ 38. Kc2 Be5 39. Qxe3 Qxg2 0-1

[Event "Titled Tue 17th Jun Early"]
[Site "chess.com INT"]
[Date "2025.06.17"]
[Round "6"]
[White "Bacrot, Etienne"]
[Black "Lyakh, Vasiliy"]
[Result "0-1"]
[WhiteTitle "GM"]
[WhiteElo "2633"]
[BlackElo "2123"]
[WhiteFideId "605506"]
[BlackFideId "14189828"]
[EventDate "2025.06.17"]

1. e4 c5 2. Nf3 e6 3. d4 cxd4 4. Nxd4 Nc6 5. Bf4 a6 6. Nxc6 bxc6 7. Bd3 d5 8.
O-O Nf6 9. Nd2 Be7 10. e5 Nd7 11. Qg4 g5 12. Be3 Nxe5 13. Qa4 Bd7 14. Qd4 Bf6
15. Qc5 Qe7 16. Qa5 Nxd3 17. cxd3 d4 18. Bxg5 Bxg5 19. Ne4 f5 20. Qe5 O-O 21.
Nxg5 Qxg5 22. Qxd4 Rf7 23. Rfe1 Qf6 24. Qb6 f4 25. f3 e5 26. Qc5 Re8 27. Re2 Qe7
28. Qc3 Qd6 29. Rae1 Rfe7 30. Qc4+ Qd5 31. Qc3 Bf5 32. Kh1 c5 33. Rd2 Qd4 34.
Qb3+ Be6 35. Qa3 Qb4 36. Qc3 Qxc3 37. bxc3 Bf5 38. Kg1 Kf7 39. Kf2 Kf6 40. g4
fxg3+ 41. hxg3 Rd8 42. Ke3 Red7 43. Red1 c4 44. dxc4 Rxd2 45. Rxd2 Rxd2 46. Kxd2
Ke6 47. Ke3 Kd6 48. f4 exf4+ 49. Kxf4 Bg6 0-1

[Event "Titled Tue 17th Jun Early"]
[Site "chess.com INT"]
[Date "2025.06.17"]
[Round "6"]
[White "Weetik, Vjacheslav"]
[Black "Sanal, Vahap"]
[Result "0-1"]
[WhiteTitle "FM"]
[BlackTitle "GM"]
[WhiteElo "2423"]
[BlackElo "2564"]
[WhiteFideId "4153472"]
[BlackFideId "6300545"]
[EventDate "2025.06.17"]

1. d4 d5 2. c4 c6 3. cxd5 cxd5 4. Nc3 Nc6 5. Bf4 f6 6. e4 e5 7. exd5 Nxd4 8. Be3
Nf5 9. Bb5+ Kf7 10. Nf3 a6 11. Bd3 Nd6 12. O-O Ne7 13. Nh4 g5 14. Qh5+ Kg8 15.
Nf3 Bg7 16. Bc5 Nef5 17. Ne4 Nf7 18. Rac1 Bd7 19. d6 b5 20. Ng3 N5xd6 21. Rfd1
Qe8 22. Ne4 Nf5 23. Bc2 Be6 24. Bb3 h6 25. Qg4 h5 26. Bxe6 Qxe6 27. Nfxg5 fxg5
28. Nxg5 Qg6 29. Qe4 Re8 30. Nf3 Kh7 31. Rd7 N7h6 0-1

[Event "Titled Tue 17th Jun Early"]
[Site "chess.com INT"]
[Date "2025.06.17"]
[Round "6"]
[White "Souleidis, Georgios"]
[Black "Celik, Ali Alper"]
[Result "0-1"]
[WhiteTitle "IM"]
[BlackTitle "FM"]
[WhiteElo "2418"]
[BlackElo "2213"]
[WhiteFideId "4206827"]
[BlackFideId "44569955"]
[EventDate "2025.06.17"]

1. e4 c5 2. Be2 Nc6 3. f4 g6 4. Nf3 Bg7 5. O-O e6 6. c3 Nge7 7. d4 cxd4 8. cxd4
Qb6 9. Kh1 d5 10. e5 Nf5 11. Nc3 Bd7 12. Na4 Qd8 13. g4 Nh4 14. Nxh4 Qxh4 15.
Be3 Qe7 16. Nc5 Bc8 17. Rc1 O-O 18. Qd2 b6 19. Na4 Bd7 20. Nc3 Rac8 21. Bd3 f6
22. Kg2 fxe5 23. fxe5 Bxe5 24. dxe5 d4 25. Bg5 dxc3 26. Rxc3 Qb4 27. Rxf8+ Rxf8
28. Qe2 Nd4 29. Qe3 Qxb2+ 30. Qd2 Bc6+ 31. Kg3 Qb4 32. Rxc6 Qxd2 33. Bxd2 Nxc6
34. Bf4 Rd8 35. Bc4 Kf7 36. Kf2 Na5 37. Bb5 Rd5 38. a4 Rd4 39. Ke3 Rb4 40. h4
Nc4+ 41. Kd4 Na3+ 42. Kc3 Rxf4 0-1

[Event "Titled Tue 17th Jun Early"]
[Site "chess.com INT"]
[Date "2025.06.17"]
[Round "6"]
[White "Garcia Molina, Jose"]
[Black "Mai, Alexander Oliver"]
[Result "1-0"]
[WhiteTitle "FM"]
[BlackTitle "CM"]
[WhiteElo "2156"]
[BlackElo "2171"]
[WhiteFideId "32030592"]
[BlackFideId "2313391"]
[EventDate "2025.06.17"]

1. Nf3 d5 2. b3 Bg4 3. Bb2 Nd7 4. e3 e5 5. Be2 Bd6 6. d3 Ngf6 7. Nbd2 Qe7 8. h3
Bh5 9. c4 c6 10. Nh4 Bg6 11. O-O O-O 12. Rc1 Rac8 13. Re1 Rfe8 14. Nxg6 hxg6 15.
Nf3 Ba3 16. Qd2 Bxb2 17. Qxb2 Qd6 18. Bf1 Nc5 19. b4 Ncd7 20. a3 e4 21. Nd4 a6
22. Rcd1 exd3 23. Bxd3 Ne5 24. cxd5 Nxd3 25. Rxd3 Qxd5 26. Red1 Rcd8 27. Qc2 Qh5
28. Nb3 Rxd3 29. Qxd3 g5 30. f3 Nd5 31. e4 Nf4 32. Qd2 Qh4 33. Kh2 Nh5 34. Qe1
Qf4+ 35. Kg1 Re6 36. Nc5 Rh6 37. Qd2 Qg3 38. Qf2 Qf4 39. Nxb7 Nf6 40. Nc5 g4 41.
fxg4 Qe5 42. Qf5 Qe7 43. g5 Rh5 44. gxf6 1-0

[Event "Titled Tue 17th Jun Early"]
[Site "chess.com INT"]
[Date "2025.06.17"]
[Round "6"]
[White "Chylewski, Patryk"]
[Black "Molina Sumoza, Jesus Alberto"]
[Result "1-0"]
[WhiteTitle "IM"]
[BlackTitle "CM"]
[WhiteElo "2313"]
[BlackElo "2025"]
[WhiteFideId "1186191"]
[BlackFideId "3901874"]
[EventDate "2025.06.17"]

1. Nf3 Nf6 2. g3 g6 3. Bg2 Bg7 4. O-O O-O 5. c4 d5 6. cxd5 Nxd5 7. d4 Nb6 8. Nc3
Nc6 9. e3 Re8 10. Qe2 a5 11. Rd1 a4 12. Ne4 Be6 13. Nc5 Bc4 14. Qc2 Qc8 15. e4
Nb4 16. Qd2 Na6 17. Nxa6 Bxa6 18. Qc2 c6 19. Be3 Nc4 20. Bf4 Bb5 21. Rac1 a3 22.
b3 Nb2 23. Rd2 c5 24. dxc5 Rd8 25. Bf1 Bc6 26. b4 Qe6 27. Ng5 Qxa2 28. b5 Be8
29. c6 bxc6 30. bxc6 h6 31. Rxd8 Rxd8 32. c7 Rc8 33. Nf3 Ba4 34. Qc5 Qe6 35.
Qxa3 Qxe4 36. Qe3 Qb7 37. Qxe7 Bc6 38. Ne5 Bd5 39. Nd7 Nc4 40. Nf6+ Kh8 41. Nxd5
Qb8 42. cxb8=Q 1-0

[Event "Titled Tue 17th Jun Early"]
[Site "chess.com INT"]
[Date "2025.06.17"]
[Round "6"]
[White "Kravtsiv, Martyn"]
[Black "Pranesh, M"]
[Result "0-1"]
[WhiteTitle "GM"]
[BlackTitle "GM"]
[WhiteElo "2598"]
[BlackElo "2580"]
[WhiteFideId "14113147"]
[BlackFideId "35028600"]
[EventDate "2025.06.17"]

1. e4 e5 2. Nf3 Nc6 3. d4 exd4 4. Nxd4 Bc5 5. Nb3 Bb6 6. Qe2 d6 7. Nc3 a5 8. Be3
a4 9. Nd2 Bxe3 10. Qxe3 a3 11. b3 Nf6 12. Be2 Nb4 13. O-O-O O-O 14. Nc4 Re8 15.
Bf3 Be6 16. Qd4 Nd7 17. Nxd6 Qg5+ 18. Kb1 Nc6 19. Qd2 Qxd2 20. Rxd2 cxd6 21.
Rxd6 Rec8 22. Nb5 Nc5 23. Rhd1 g6 24. g3 Ne5 25. Bg2 Bg4 26. R1d5 Bf3 27. Bh3
Re8 28. Rxc5 Bxe4 29. Nc7 Red8 30. Rxd8+ Rxd8 31. Kc1 Nc6 32. c3 Bf3 33. Nb5
Rd1+ 34. Kc2 Ra1 35. b4 b6 36. Rc4 Bd5 37. Rxc6 Rxa2+ 38. Kb1 Rb2+ 39. Kc1 Bxc6
40. Nxa3 Rxf2 0-1

[Event "Titled Tue 17th Jun Early"]
[Site "chess.com INT"]
[Date "2025.06.17"]
[Round "6"]
[White "Sarana, Alexey"]
[Black "Alonso Rosell, Alvar"]
[Result "1-0"]
[WhiteTitle "GM"]
[BlackTitle "GM"]
[WhiteElo "2686"]
[BlackElo "2536"]
[WhiteFideId "24133795"]
[BlackFideId "2270544"]
[EventDate "2025.06.17"]

1. d4 Nf6 2. c4 c5 3. d5 b5 4. cxb5 a6 5. e3 g6 6. Nc3 Bg7 7. e4 O-O 8. a4 Bb7
9. Nf3 e6 10. dxe6 dxe6 11. Qxd8 Rxd8 12. Nd2 axb5 13. Bxb5 Nc6 14. f3 Nd4 15.
Kf2 Nxb5 16. Nxb5 Bc6 17. Ra3 Nd7 18. Nc4 Ne5 19. Nxe5 Bxe5 20. Nc3 c4 21. a5
Bd6 22. Ra2 Bc5+ 23. Ke2 Ra6 24. Be3 Bb4 25. Rha1 Rd3 26. Bd2 f5 27. Be1 Kf7 28.
h3 g5 29. Kf1 h5 30. Ne2 Bc5 31. exf5 exf5 32. Bf2 Bb4 33. Nd4 Bd7 34. Nc2 Bd6
35. Ne1 Rd5 36. Bb6 g4 37. hxg4 hxg4 38. Nc2 Bb5 39. Ne3 Rd3 40. Nxf5 Bf4 41.
Kf2 gxf3 42. gxf3 Bc6 43. Be3 1-0

[Event "Titled Tue 17th Jun Early"]
[Site "chess.com INT"]
[Date "2025.06.17"]
[Round "6"]
[White "Valle Luis, Leo"]
[Black "Gu, Xiaobing"]
[Result "1/2-1/2"]
[WhiteTitle "FM"]
[BlackTitle "WGM"]
[WhiteElo "2301"]
[BlackElo "2148"]
[WhiteFideId "54577187"]
[BlackFideId "8602611"]
[EventDate "2025.06.17"]

1. e4 c5 2. Nf3 d6 3. d4 cxd4 4. Nxd4 Nf6 5. Nc3 a6 6. Bg5 e6 7. f4 Nbd7 8. Qd2
Qc7 9. O-O-O b5 10. a3 Be7 11. Bd3 O-O 12. g4 Bb7 13. Kb1 Nc5 14. Qe2 Rfe8 15.
Rhg1 Qb6 16. f5 b4 17. axb4 Qxb4 18. Be3 Nfxe4 19. Nxe4 Bxe4 20. fxe6 fxe6 21.
Bxe4 Nxe4 22. Nb3 a5 23. Rd4 Qb7 24. Ra4 d5 25. Bd4 Bf6 26. Bxf6 Nxf6 27. g5 Ne4
28. g6 h6 29. Rf1 Rf8 30. Rxf8+ Rxf8 31. Rxa5 Qb6 32. h4 Qg1+ 33. Ka2 Qxg6 34.
Qa6 Kh7 35. h5 Qf5 36. Nd4 Qf2 37. Nxe6 Rf6 38. Qc8 Qb6 39. Ra6 Qb4 40. Ra7 Rxe6
41. Qxe6 Qc4+ 42. Kb1 Qf1+ 43. Ka2 Qc4+ 44. Kb1 Qf1+ 45. Ka2 Qc4+ 1/2-1/2

[Event "Titled Tue 17th Jun Early"]
[Site "chess.com INT"]
[Date "2025.06.17"]
[Round "6"]
[White "El Zein, Zayne-Eddine"]
[Black "Caku, Kler"]
[Result "1-0"]
[WhiteTitle "CM"]
[BlackTitle "WFM"]
[WhiteElo "2194"]
[BlackElo "2010"]
[WhiteFideId "5313210"]
[BlackFideId "4704703"]
[EventDate "2025.06.17"]

1. e4 e5 2. Nf3 Nc6 3. d3 Nf6 4. g3 d5 5. exd5 Nxd5 6. Bg2 Be7 7. O-O Be6 8. Nc3
O-O 9. Re1 Bd6 10. Ng5 Nxc3 11. bxc3 Bf5 12. Rb1 Rb8 13. h4 h6 14. Ne4 Be6 15.
Nxd6 Qxd6 16. a4 Bd5 17. Bxd5 Qxd5 18. Ba3 Rfe8 19. Rb5 Qa2 20. Qc1 a6 21. Rc5
Qe6 22. d4 Qg4 23. d5 Ne7 24. c4 Nf5 25. Qd1 Qg6 26. Rxc7 Nxg3 27. Qf3 Nf5+ 28.
Qg2 Qh5 29. d6 Nxh4 30. Qg3 Nf3+ 31. Kf1 Nxe1 32. Kxe1 Qh1+ 33. Kd2 Rbd8 34. d7
Re6 35. Rc8 1-0

[Event "Titled Tue 17th Jun Early"]
[Site "chess.com INT"]
[Date "2025.06.17"]
[Round "6"]
[White "Yevchenko, Oleksandr"]
[Black "Reprintsev, Alexander"]
[Result "0-1"]
[WhiteTitle "CM"]
[BlackTitle "IM"]
[WhiteElo "2276"]
[BlackElo "2256"]
[WhiteFideId "14108267"]
[BlackFideId "14100541"]
[EventDate "2025.06.17"]

1. c4 e5 2. Nc3 Nf6 3. g3 Bb4 4. Nd5 Bd6 5. Bg2 c6 6. Nc3 Bc7 7. d4 d6 8. e4 a5
9. Nge2 Na6 10. O-O O-O 11. Kh1 Re8 12. Bg5 h6 13. Bxf6 Qxf6 14. f4 exd4 15.
Nxd4 Nc5 16. Qd2 a4 17. Rae1 Ba5 18. e5 dxe5 19. fxe5 Qg6 20. Re3 Bg4 21. h3 Qh5
22. Kh2 Rad8 23. Rf4 Bc8 24. Qf2 Rxe5 25. Rxe5 Qxe5 26. Nf3 Qe7 27. Rd4 Bxc3 28.
bxc3 Ne6 29. Re4 Qf6 30. Qe3 a3 31. Nd4 Bd7 32. Nc2 Ra8 33. h4 Nf8 34. Re7 Be6
35. Rxb7 Bxc4 36. Nd4 Bxa2 37. Nxc6 Be6 38. Ne7+ Kh8 39. Rb1 a2 40. Ra1 Ra3 41.
Nc6 Rxc3 42. Qb6 Rxc6 43. Qxc6 Qxa1 44. Qc5 Ng6 0-1

[Event "Titled Tue 17th Jun Early"]
[Site "chess.com INT"]
[Date "2025.06.17"]
[Round "6"]
[White "Deac, Bogdan-Daniel"]
[Black "Donchenko, Alexander"]
[Result "1-0"]
[WhiteTitle "GM"]
[BlackTitle "GM"]
[WhiteElo "2674"]
[BlackElo "2613"]
[WhiteFideId "1226380"]
[BlackFideId "24603295"]
[EventDate "2025.06.17"]

1. d4 Nf6 2. c4 e6 3. Nc3 Bb4 4. Qc2 d5 5. a3 Bxc3+ 6. Qxc3 O-O 7. Bg5 Nbd7 8.
cxd5 exd5 9. e3 h6 10. Bh4 g5 11. Bg3 c5 12. Bd3 Re8 13. Ne2 b6 14. O-O Ne4 15.
Bxe4 Rxe4 16. dxc5 bxc5 17. Rfd1 Ba6 18. Qc2 Bxe2 19. Rxd5 Qe8 20. Qxe2 c4 21.
Rad1 Nf6 22. R5d4 Rc8 23. Qc2 Qe7 24. h4 g4 25. Qc3 h5 26. b4 Rxd4 27. Qxd4 Qe6
28. Qd6 c3 29. Qxe6 fxe6 30. Rc1 Ne4 31. Be5 c2 32. Bd4 Rc6 33. Bc5 Nxc5 34.
Rxc2 Kf7 35. Rxc5 Rxc5 36. bxc5 Ke7 37. f3 gxf3 38. g4 Kd7 39. gxh5 1-0

[Event "Titled Tue 17th Jun Early"]
[Site "chess.com INT"]
[Date "2025.06.17"]
[Round "6"]
[White "Ng, Gary"]
[Black "Willim, Michael"]
[Result "0-1"]
[WhiteTitle "FM"]
[BlackTitle "CM"]
[WhiteElo "2234"]
[BlackElo "2024"]
[WhiteFideId "2604914"]
[BlackFideId "4632435"]
[EventDate "2025.06.17"]

1. e4 e6 2. Qe2 c5 3. Nf3 Nc6 4. g3 g6 5. Bg2 Bg7 6. O-O Nge7 7. c3 O-O 8. Rd1
d6 9. d4 cxd4 10. cxd4 Qb6 11. Be3 d5 12. Nc3 dxe4 13. Nxe4 Nd5 14. Ne5 Rd8 15.
Nxc6 bxc6 16. Bg5 f6 17. Be3 Ba6 18. Qc2 Rab8 19. b3 Kf7 20. Nc5 Bf8 21. Nxa6
Qxa6 22. Rac1 Rbc8 23. Qc4 Qxc4 24. Rxc4 Nxe3 25. fxe3 c5 26. Rdc1 Bd6 27. dxc5
Be5 28. Bb7 Rc7 29. c6 Rd2 30. R4c2 Rxc2 31. Rxc2 Ke7 32. b4 Bd6 33. b5 Bb4 34.
Rc4 Ba5 35. Kf2 Bb6 36. Kf3 Kd6 37. Rc2 e5 38. g4 f5 39. gxf5 gxf5 40. Rg2 Rf7
41. a4 e4+ 42. Kf4 Bc7 43. Kg3 Bb6 44. Kf2 f4 45. Ke2 f3+ 46. Kf2 fxg2+ 47. Kxg2
Bxe3 48. a5 Bc5 0-1

[Event "Titled Tue 17th Jun Early"]
[Site "chess.com INT"]
[Date "2025.06.17"]
[Round "6"]
[White "Przybylski, Bartosz"]
[Black "Cuenca Jimenez, Jose Fernando"]
[Result "0-1"]
[WhiteTitle "CM"]
[BlackTitle "GM"]
[WhiteElo "2101"]
[BlackElo "2487"]
[WhiteFideId "21878323"]
[BlackFideId "2255570"]
[EventDate "2025.06.17"]

1. e4 c5 2. Nf3 Nc6 3. Be2 d6 4. O-O Nf6 5. d3 g6 6. Nbd2 Bg7 7. Re1 O-O 8. c3
e5 9. h3 d5 10. a4 Re8 11. Bf1 Qc7 12. Qc2 h6 13. exd5 Nxd5 14. Nc4 Be6 15. Ne3
Nde7 16. Ng4 Nf5 17. Ne3 Rad8 18. Nxf5 Bxf5 19. Be3 c4 20. Rad1 cxd3 21. Qb3 e4
22. Nd4 Nxd4 23. cxd4 Bxd4 24. Bxh6 Qb6 25. Qxb6 axb6 26. g4 Bd7 27. b3 Bc6 28.
Be3 Bc3 29. Bd2 Bg7 30. Be3 b5 31. Bb6 Rc8 32. f3 exf3 33. Rxe8+ Rxe8 34. Rxd3
bxa4 35. bxa4 Re1 36. Kf2 Ra1 37. a5 Rxf1+ 38. Kxf1 Bb5 39. Kf2 Bxd3 40. Kxf3
Kf8 41. h4 f5 42. h5 fxg4+ 43. Kxg4 Be2+ 44. Kg5 gxh5 45. Bc5+ Kf7 46. Bb6 Bf6+
47. Kf4 Ke6 48. Kg3 Be5+ 49. Kf2 Bg4 50. Kg2 h4 51. Bf2 h3+ 52. Kf1 h2 0-1

[Event "Titled Tue 17th Jun Early"]
[Site "chess.com INT"]
[Date "2025.06.17"]
[Round "6"]
[White "Suvradeepta, Das"]
[Black "Akkara, Omer"]
[Result "0-1"]
[WhiteTitle "FM"]
[BlackTitle "CM"]
[WhiteElo "2230"]
[BlackElo "2036"]
[WhiteFideId "5058031"]
[BlackFideId "26319802"]
[EventDate "2025.06.17"]

1. Nf3 Nf6 2. d4 e6 3. Bf4 d5 4. Nbd2 b6 5. e3 Bb7 6. h3 Nbd7 7. Bd3 Be7 8. O-O
h6 9. Qe2 Ne4 10. Rae1 O-O 11. Ne5 Nxe5 12. Bxe5 Bf6 13. Bxf6 Qxf6 14. Bxe4 dxe4
15. Qg4 Qe7 16. Rb1 Rac8 17. c3 Rfd8 18. Nc4 Ba6 19. b3 c5 20. Rfc1 f5 21. Qf4
Rc7 22. Ne5 Rdc8 23. c4 Rd8 24. Rd1 cxd4 25. Rxd4 Rxd4 26. exd4 Rc8 27. Rd1 Bb7
28. h4 g5 29. hxg5 hxg5 30. Qg3 Kg7 31. f3 exf3 32. gxf3 Rd8 33. Kf2 Qf6 34. f4
g4 35. Ke3 Rh8 36. Rd2 Rh3 0-1

[Event "Titled Tue 17th Jun Early"]
[Site "chess.com INT"]
[Date "2025.06.17"]
[Round "6"]
[White "Tovmasian, Vardges"]
[Black "Yildiz, Egehan"]
[Result "0-1"]
[WhiteTitle "IM"]
[BlackTitle "FM"]
[WhiteElo "2352"]
[BlackElo "2198"]
[WhiteFideId "13302736"]
[BlackFideId "44518072"]
[EventDate "2025.06.17"]

1. e4 c6 2. Nc3 d5 3. Nf3 dxe4 4. Nxe4 Nf6 5. Qe2 Na6 6. d4 Nxe4 7. Qxe4 Qd5 8.
Qf4 Nb4 9. Qd2 Qe4+ 10. Kd1 Nd5 11. c4 Nb6 12. Bd3 Qg4 13. Qg5 h6 14. Qxg4 Bxg4
15. Ke2 O-O-O 16. Be3 e5 17. dxe5 Nd7 18. Bd4 Bc5 19. Bc3 Rhe8 20. Kf1 Bxf3 21.
gxf3 Nxe5 22. Be2 Bd4 23. Bxd4 Rxd4 24. Rg1 g5 25. b3 Rd2 26. h4 Ng6 27. Bd1
Nxh4 28. f4 f6 29. Bg4+ Kb8 30. Bh5 Red8 31. fxg5 hxg5 32. Rg3 Rb2 33. Re3 Rdd2
34. Be2 Nf5 35. Re8+ Kc7 36. c5 Nd4 37. Re1 Nxe2 38. R1xe2 Rxe2 39. Rxe2 Rxe2
40. Kxe2 Kd7 41. Kd3 Ke6 42. Ke4 f5+ 43. Kd4 g4 44. b4 a6 45. a3 Kf6 46. a4 Kg5
47. Ke5 f4 48. Ke4 g3 49. fxg3 fxg3 50. Kf3 Kh4 51. a5 Kh3 52. Kf4 g2 53. Ke5
g1=Q 0-1

[Event "Titled Tue 17th Jun Early"]
[Site "chess.com INT"]
[Date "2025.06.17"]
[Round "6"]
[White "Shogdzhiev, Roman"]
[Black "Karas, Marek"]
[Result "1-0"]
[WhiteTitle "FM"]
[BlackTitle "FM"]
[WhiteElo "2402"]
[BlackElo "2215"]
[WhiteFideId "55653537"]
[BlackFideId "14928558"]
[EventDate "2025.06.17"]

1. d4 d5 2. Nf3 Nf6 3. c4 c6 4. g3 Bf5 5. Bg2 e6 6. Nc3 Be7 7. Qb3 Qb6 8. c5 Qc7
9. Bf4 Qc8 10. O-O Nbd7 11. Rfc1 O-O 12. Nd2 e5 13. dxe5 Nxc5 14. Qa3 Nfd7 15.
b4 Ne6 16. Nxd5 Qd8 17. Nxe7+ Qxe7 18. e4 Bg6 19. Nc4 a5 20. Nd6 Nxf4 21. gxf4
f6 22. b5 fxe5 23. f5 Rf6 24. bxc6 bxc6 25. Qb3+ Bf7 26. Nxf7 Qxf7 27. Qb7 Rb8
28. Qc7 Rf8 29. Rd1 Nc5 30. Qxe5 Nb7 31. Rab1 Re8 32. Qc3 Qe7 33. e5 Rxf5 34.
Bxc6 Nd8 35. Bxe8 Qxe8 36. Rb8 Qg6+ 37. Qg3 Rg5 38. Rbxd8+ Kf7 39. R1d7+ Ke6 40.
Rd6+ Ke7 41. Rxg6 Rxg3+ 42. Rxg3 1-0